|
|
|
|
| LEADER |
01089nam a2200253 a 4500 |
| 001 |
28587 |
| 003 |
BD-DhAAL |
| 005 |
20141124093542.0 |
| 008 |
141124s2011 bg 000 1 eng d |
| 020 |
|
|
|a 9847002001335
|
| 040 |
|
|
|a BD-DhAAL
|c BD-DhAAL
|d BD-DhAAL
|
| 082 |
0 |
0 |
|a 823/.8
|2 20
|
| 100 |
1 |
|
|a Stevenson, Robert Louis,
|d 1850-1894.
|9 6124
|
| 245 |
1 |
4 |
|a The strange case of Dr Jekyll and Mr Hyde /
|c by Robert Louis Stevenson; with a detailed introduction by FBC editorial board.
|
| 260 |
|
|
|a Dhaka :
|b Friends' book corner,
|c 2011.
|
| 300 |
|
|
|a xlviii, 110 p. ;
|c 18 cm.
|
| 541 |
1 |
|
|e 28587
|
| 650 |
|
0 |
|a Physicians
|v Fiction.
|9 6125
|
| 650 |
|
0 |
|a Multiple personality
|v Fiction.
|9 6126
|
| 650 |
|
0 |
|a Self-experimentation in medicine
|v Fiction.
|9 6127
|
| 651 |
|
0 |
|a London (England)
|v Fiction.
|9 6103
|
| 942 |
|
|
|2 ddc
|c BK
|
| 999 |
|
|
|c 33102
|d 33102
|
| 952 |
|
|
|0 0
|1 0
|2 ddc
|4 0
|6 823_800000000000000_STE
|7 0
|9 44182
|a BRACUL
|b BRACUL
|c GEN
|d 2014-11-24
|e BRAC Institute of Language (BIL)
|l 6
|m 21
|o 823.8 STE
|p 3010028587
|q 2025-10-20
|r 2025-02-23
|s 2025-02-23
|t 1
|w 2014-11-24
|y BK
|x Transferred from BIL to BRACUL on 06/06/22
|